May your hearts blossom (Record no. 514974)

000 -LEADER
fixed length control field 00421nam a2200133 4500
082 ## - DEWEY DECIMAL CLASSIFICATION NUMBER
Classification number TNC AB45 D459
100 ## - MAIN ENTRY--PERSONAL NAME
Personal name Devi, Amritaswarupananda
9 (RLIN) 20006
245 ## - TITLE STATEMENT
Title May your hearts blossom
260 ## - PUBLICATION, DISTRIBUTION, ETC. (IMPRINT)
Place of publication, distribution, etc Chicago
Name of publisher, distributor, etc Parliament of World's Religions
Date of publication, distribution, etc 1993
300 ## - PHYSICAL DESCRIPTION
Extent 62p.
650 ## - SUBJECT ADDED ENTRY--TOPICAL TERM
Topical term or geographic name as entry element Amritanandamayi, -- Mata, -- 1953- --
9 (RLIN) 20171
650 ## - SUBJECT ADDED ENTRY--TOPICAL TERM
Topical term or geographic name as entry element Hindus -- India -- Kerala
9 (RLIN) 20172
650 ## - SUBJECT ADDED ENTRY--TOPICAL TERM
Topical term or geographic name as entry element Spiritual life -- Hinduism
9 (RLIN) 20173
Holdings
Withdrawn status Lost status Source of classification or shelving scheme Damaged status Koha normalized classification for sorting Not for loan Permanent location Current location Date acquired Full call number Barcode Date last seen Price effective from Koha item type
        TNC_AB45_D459   Indian Institute of Public Administration Indian Institute of Public Administration 2021-01-04 TNC AB45 D459 GR22144 2021-01-04 2021-01-04 GR

Powered by Koha